Central Library OPAC University of Rajshahi

The theory of road traffic flow / (Record no. 16320)

MARC details
000 -LEADER
fixed length control field 00847nam a22002532a 4500
001 - CONTROL NUMBER
control field 16320
003 - CONTROL NUMBER IDENTIFIER
rucl marc code BD-RjUL
005 - DATE AND TIME OF LATEST TRANSACTION
control field 20211209000008.0
008 - FIXED-LENGTH DATA ELEMENTS--GENERAL INFORMATION
fixed length control field 140213s1966 enka b 001 0 eng d
035 ## - SYSTEM CONTROL NUMBER
System control number (BD-RjUL)16375
040 ## - CATALOGING SOURCE
Original cataloging agency DLC
Transcribing agency BNG
Modifying agency OCL
-- SER
-- UKM
-- EQO
-- BD-RjUL
Language of cataloging eng
041 ## - LANGUAGE CODE
Language code of text/sound track or separate title eng
082 ## - DEWEY DECIMAL CLASSIFICATION NUMBER
Classification number 388.310184
Author mark and year AST 1966
100 1# - MAIN ENTRY--PERSONAL NAME
Personal name Ashton, Winifred Diana.
9 (RLIN) 50453
245 14 - TITLE STATEMENT
Title The theory of road traffic flow /
Statement of responsibility, etc. Winifred D. Ashton
260 ## - PUBLICATION, DISTRIBUTION, ETC. (IMPRINT)
Place of publication, distribution, etc. London :
Name of publisher, distributor, etc. Methuen ;
Place of publication, distribution, etc. New York :
Name of publisher, distributor, etc. Wiley,
Date of publication, distribution, etc. 1966.
300 ## - PHYSICAL DESCRIPTION
Pagination viii, 178 p. :
Illustrations tables, diagrs. ;
Size 23 cm
504 ## - BIBLIOGRAPHY, ETC. NOTE
Bibliography, etc Includes Bibliography: p. 169-174 and index.
650 #0 - SUBJECT ADDED ENTRY--TOPICAL TERM
Topical term or geographic name as entry element Traffic engineering
General subdivision Mathematical models
9 (RLIN) 50454
830 #0 - SERIES ADDED ENTRY--UNIFORM TITLE
Uniform title Methuen's monographs on applied probability and statistics
942 ## - ADDED ENTRY ELEMENTS (KOHA)
Source of classification or shelving scheme Dewey Decimal Classification
Koha item type Books
Holdings
Lost status Source of classification or shelving scheme Damaged status Not for loan Collection code Permanent Location Current Location Shelving location Date acquired Source of acquisition Cost, normal purchase price Total Checkouts Full call number Date last seen Copy number Koha item type
  Dewey Decimal Classification     Non-fiction Central Library, University of Rajshahi Central Library, University of Rajshahi   04/12/1967 Bookview Dacca 30.00   388.310184 AST 1966 13/02/2014 C-2 Books
  Dewey Decimal Classification   Not For Loan Non-fiction Central Library, University of Rajshahi Central Library, University of Rajshahi Reading Room 04/12/1967 Book View 30.00   388.310184 AST 1966 24/02/2020 C-1 Books